书目信息 |
| 题名: |
海明威书信集
|
|
| 作者: | 海明威 著 ;张迪 译 | |
| 分册: | 下册 | |
| 出版信息: | 成都 四川大学出版社 2020.06 |
|
| 页数: | 398页 | |
| 开本: | 21cm | |
| 丛书名: | 海明威全集 | |
| 单 册: | ||
| 中图分类: | I712.65 | |
| 科图分类: | ||
| 主题词: | 书信集--shu xin ji--美国--现代 | |
| 电子资源: | ||
| ISBN: | 978-7-5690-2424-1 | |
| 000 | 01305nam 2200277 450 | |
| 001 | 202020139829 | |
| 005 | 20200926181351.0 | |
| 010 | @a978-7-5690-2424-1@dCNY42.50 | |
| 100 | @a20200917d2020 em y0chiy50 ea | |
| 101 | 1 | @achi@ceng |
| 102 | @aCN@b510000 | |
| 105 | @ay z 000ey | |
| 106 | @ar | |
| 200 | 1 | @a海明威书信集@Ahai ming wei shu xin ji@h下册@d= Ernest Hemingway selected letters@f(美) 海明威著@g张迪译@zeng |
| 210 | @a成都@c四川大学出版社@d2020.06 | |
| 215 | @a398页@d21cm | |
| 225 | 2 | @a海明威全集@Ahai ming wei quan ji |
| 330 | @a本书所选书信不仅记录海明威人生中各个转折点, 更展现了他的性格与智慧及其对狩猎、垂钓、饮食等的特殊嗜好。这些信有趋奉讨好的, 也有直截了当粗暴好斗的 ; 有表达自己写作与读书观的, 批评朋友或敌手论著的, 也有谈论女人、士兵、政客的。其流露出的幽默与狂野大大超过了作品, 称得上是一部非常规的作家自传。而其中描画的众多国际性、社会性事件以及名噪一时的艺术家、文学家, 更是从侧面记录了一个时代的国际风云与艺术影像。 | |
| 410 | 0 | @12001 @a海明威全集 |
| 500 | 10 | @aErnest Hemingway selected letters@mChinese |
| 606 | 0 | @a书信集@Ashu xin ji@y美国@z现代 |
| 690 | @aI712.65@v5 | |
| 701 | 1 | @a海明威@Ahai ming wei@g(Hemingway, Ernest Miller),@f1899-1961@4著 |
| 702 | 0 | @a张迪@Azhang di@4译 |
| 801 | 0 | @aCN@c20200811 |
| 905 | @a河南城建学院图书馆@dI712.65@eH030:2 | |
| 海明威书信集.下册= Ernest Hemingway selected letters/(美) 海明威著/张迪译.-成都:四川大学出版社,2020.06 |
| 398页;21cm.-(海明威全集) |
| ISBN 978-7-5690-2424-1:CNY42.50 |
| 本书所选书信不仅记录海明威人生中各个转折点, 更展现了他的性格与智慧及其对狩猎、垂钓、饮食等的特殊嗜好。这些信有趋奉讨好的, 也有直截了当粗暴好斗的 ; 有表达自己写作与读书观的, 批评朋友或敌手论著的, 也有谈论女人、士兵、政客的。其流露出的幽默与狂野大大超过了作品, 称得上是一部非常规的作家自传。而其中描画的众多国际性、社会性事件以及名噪一时的艺术家、文学家, 更是从侧面记录了一个时代的国际风云与艺术影像。 |
| ● |
| 相关链接 |
|
|
|
正题名:海明威书信集
索取号:I712.65/H030:2
 
预约/预借
| 序号 | 登录号 | 条形码 | 馆藏地/架位号 | 状态 | 备注 |
| 1 | 1489872 | 214898725 | 文学库116/116文学库 30排3列2层/ [索取号:I712.65/H030:2] | 在馆 | |
| 2 | 1489873 | 214898734 | 文学库116/116文学库 30排3列2层/ [索取号:I712.65/H030:2] | 在馆 |